000 00507nmm a2200169Ia 4500
008 251105s9999||||xx |||||||||||||||||und||
020 _a9788412251661
041 _aspa
100 _aPortante, Jean
245 0 _aMrs. Haroy o la memoria de la ballena
264 _a[Madrid, España] :
_bUtopía Libros,
_c[Fecha de publicación no identificada]
300 _a0 páginas
490 _aNarrativa
650 _aFrench narrative
856 _uhttps://public.digitaliapublishing.com/a/100640
942 _cCF
999 _c76191
_d76191